| 000 | 00437nam a2200157 4500 | ||
|---|---|---|---|
| 005 | 20250911111138.0 | ||
| 020 | _a9798886130935 | ||
| 084 | _2Colon Classification | ||
| 100 |
_aFernandez-Cara, Enrique _91251 |
||
| 245 | _aOrdinary differential equations and applications | ||
| 260 |
_aSingapore _bWorld scientific _c2025 |
||
| 300 | _axxiv+325 | ||
| 650 |
_aCauchy problem _91252 |
||
| 650 |
_aLinear Systems _91253 |
||
| 942 |
_2ddc _cBK |
||
| 999 |
_c751249 _d751249 |
||